| 000 | 00722nam a22002537a 4500 | ||
|---|---|---|---|
| 003 | UA-OsUOA | ||
| 001 | 40786 | ||
| 007 | ta | ||
| 008 | 20060831b un ||||| |||| 00| 0 ukr d | ||
| 090 |
_a34 _bГ-11 |
||
| 942 | _cMG | ||
| 040 |
_aUA-OsUOA _brus _cUA-OsUOA _dUA-OsUOA |
||
| 245 |
_aГосударствор и право _bРоссийская академия навк Институт государства и права _cГлав. ред. Иконицкая И.А. |
||
| 300 | _a128 с. | ||
| 955 | _a1 | ||
| 041 | _arus | ||
| 080 | _a34 | ||
| 022 | _a0132-0769 | ||
| 260 |
_aМ. _bНаука |
||
| 044 | _aRU | ||
| 962 | _a1927 | ||
| 099 | _a70866 | ||
| 650 | 7 |
_a34 Право. Юриспруденція _2UDC |
|
| 999 |
_c326923 _d326923 |
||